000
00260nam a22000977a 4500
999
_c
11689
_d
11689
008
191203b ||||| |||| 00| 0 eng d
020
_a
9780590381536
100
_a
Scholastic
_9
7388
245
_a
Native Americans
260
_a
New York
_b
A first Discovery Books
_c
1994